000 00471nam a2200181Ia 4500
008 090124s9999 xx 000 0 und d
082 _b2631
_a145
100 _aआपटे नारायण हरि
245 _a आजच
250 _a1
260 _c1924
300 _a200
600 _aआपटे नारायण हरि
630 _a आजच
700 _aआपटे नारायण हरि
730 _a आजच
942 _cBOOK
999 _c116576
_d116576